وطن پرست اورسيکولرجناح (Record no. 608270)

000 -LEADER
fixed length control field 00664nam a2200205 a 4500
003 - CONTROL NUMBER IDENTIFIER
control field OSt
005 - DATE AND TIME OF LATEST TRANSACTION
control field 20240227092414.0
008 - FIXED-LENGTH DATA ELEMENTS--GENERAL INFORMATION
fixed length control field 180419t2008 xxu||||| |||| 00| 0 urd d
020 ## - INTERNATIONAL STANDARD BOOK NUMBER
International Standard Book Number 9789698957308
040 ## - CATALOGING SOURCE
Transcribing agency 0
082 ## - DEWEY DECIMAL CLASSIFICATION NUMBER
Classification number 923.1549
Author Mark AJE 2008
100 10 - MAIN ENTRY--PERSONAL NAME
Personal name اجيت جاويد
9 (RLIN) 9904
245 10 - TITLE STATEMENT
Title وطن پرست اورسيکولرجناح
Statement of responsibility, etc. Ajeet Javaid
246 ## - VARYING FORM OF TITLE
Title proper/short title Watan Parast Aur Secular Jinnah
260 ## - PUBLICATION, DISTRIBUTION, ETC.
Place of publication, distribution, etc. Lahore:
Name of publisher, distributor, etc. Sanjh Pub;
Date of publication, distribution, etc. 2008.
300 ## - PHYSICAL DESCRIPTION
Extent 320 p.:
650 ## - SUBJECT ADDED ENTRY--TOPICAL TERM
Topical term or geographic name entry element Jennah,Muhammad Ali
Geographic subdivision Pakistan
9 (RLIN) 121357
942 ## - ADDED ENTRY ELEMENTS (KOHA)
Source of classification or shelving scheme
Koha item type Book
Institution code [OBSOLETE] SADA
Call number prefix 923.1549 AJE 2008
Holdings
Withdrawn status Lost status Source of classification or shelving scheme Damaged status Not for loan Permanent Location Current Location Date acquired Source of acquisition Total Checkouts Full call number Barcode Date last seen Cost, replacement price Price effective from Koha item type
          School of Art Design and Architecture (SADA) School of Art Design and Architecture (SADA) 02/13/2018 Donation   923.1549 AJE 2008 SADAD0000343 02/27/2024 350.00 02/27/2024 Book
© 2023 Central Library, National University of Sciences and Technology. All Rights Reserved.